Liste des sauces Hot Ones (France) - Statistiques

Statistiques générales
  • Ce quiz a été pris 17 fois
  • Le résultat moyen est 4 sur 10
Statistiques - réponses
Échelle de Scoville Sauces % Correct
1 700 Gentille Myrtille
87%
200 000 La Bombe
80%
57 000 Été 82
67%
6 200 Katmandouce
47%
1 000 000 Apocal X
40%
118 000 La Fièvre
40%
1 500 000 Captain Lethal
33%
14 500 Coco Dingo
33%
71 000 Guadelajarache
13%
38 000 Hottosōsu
7%
Aucun quiz correspondant
Distribution des résultats
% des personnes avec chaque résultat
Percentile par nombre de réponses
Votre historique - résultats
Vous n’avez pas pris ce quiz